| 000 | 00857nam a2200205Ia 4500 | ||
|---|---|---|---|
| 999 |
_c45442 _d45442 |
||
| 001 | 12266 | ||
| 003 | GE_BSU | ||
| 005 | 20200604194958.0 | ||
| 008 | 181216s1997||||ge |||||||||||||| ||geo|| | ||
| 040 | _cGE_BSU | ||
| 041 | _ageo | ||
| 080 | _a811.353.1+008(479.22)+81'246.2+81'27+821.353.1.09 ჯ-71 | ||
| 100 |
_aჯორბენაძე, ბესარიონ. _91214 |
||
| 245 |
_aენა და კულტურა / _cბესარიონ ჯორბენაძე ; რედ. გიორგი გოგოლიშვილი. |
||
| 264 |
_aთბილისი ; _bქართული ენა, _c1997. |
||
| 300 |
_a202 გვ. ; _c19 სმ. |
||
| 653 | _aენა და კულტურა | ||
| 700 |
_a გოგოლიშვილი, გიორგი _eრედაქტორი _98297 |
||
| 942 |
_cBK _2udc |
||